Звезды в рекламе: пер. с англ.

Detaylı Bibliyografya
Yazar: Прингл Х. Хэмиш
Özet:Чем обернется для компании привлечение знаменитости к участию в рекламе — баснословными дивидендами или впустую потраченными деньгами и головной болью? Хотите узнать, почему некоторые товары практически мгновенно становятся популярными благодаря рекомендации знаменитого человека и почему другие так же стремительно уходят в небытие, несмотря на «звездное» знакомство? Эта книга поможет вам избежать потенциальных ловушек маркетинга с участием знаменитостей и с максимальной выгодой использовать немалые деньги на привлечение звезд к рекламе своих брендов. Книга предназначена для маркетологов, сотрудников рекламных агентств, но будет интересна и широкому кругу лиц, интересующихся жизнью знаменитых людей.
Dil:Rusça
Baskı/Yayın Bilgisi: Москва, Эксмо, 2007
Seri Bilgileri:Академия рекламы
Konular:
Materyal Türü: Kitap
KOHA link:https://koha.lib.tpu.ru/cgi-bin/koha/opac-detail.pl?biblionumber=110115

MARC

LEADER 00000nam0a2200000 4500
001 110115
005 20231101214920.0
010 |a 5699195092 
035 |a (RuTPU)RU\TPU\book\118919 
090 |a 110115 
100 |a 20070219d2007 km y0rusy50 ca 
101 1 |a rus  |c eng 
102 |a RU 
105 |a a z 001zy 
200 1 |a Звезды в рекламе  |e пер. с англ.  |f Х. Прингл 
210 |a Москва  |c Эксмо  |d 2007 
215 |a 431 с.  |c ил. 
225 1 |a Академия рекламы 
320 |a Предметно-именной указатель: с. 412-428. 
330 |a Чем обернется для компании привлечение знаменитости к участию в рекламе — баснословными дивидендами или впустую потраченными деньгами и головной болью? Хотите узнать, почему некоторые товары практически мгновенно становятся популярными благодаря рекомендации знаменитого человека и почему другие так же стремительно уходят в небытие, несмотря на «звездное» знакомство? Эта книга поможет вам избежать потенциальных ловушек маркетинга с участием знаменитостей и с максимальной выгодой использовать немалые деньги на привлечение звезд к рекламе своих брендов. Книга предназначена для маркетологов, сотрудников рекламных агентств, но будет интересна и широкому кругу лиц, интересующихся жизнью знаменитых людей. 
606 1 |a Реклама  |2 stltpush  |3 (RuTPU)RU\TPU\subj\24860  |9 49135 
610 1 |a рекламная деятельность 
610 1 |a СМИ 
610 1 |a средства массовой информации 
610 1 |a знаменитые люди 
610 1 |a знаменитости 
610 1 |a психология 
610 1 |a влияние 
610 1 |a бренды 
675 |a 659  |v 3 
700 1 |a Прингл  |b Х.  |g Хэмиш 
801 1 |a RU  |b 63413507  |c 20070219  |g PSBO 
801 2 |a RU  |b 63413507  |c 20150623  |g PSBO 
942 |c BK 
959 |a 20/20070219  |d 2  |e 230,77  |f АНЛ:1  |f ЧЗГЛ:1